00472 2200181 4500001002100000005001500021035002000036245004800056100001500104250001700119300003200136260003500168082001000203084001600213020002200229600001400251500002500265INLIS00000000000054720240820074927 a0010-08240000651 aBerkreasi dengan Barang Bekas /cS. Mulyono0 aS. Mulyono aCetakan ke-1 aiv, 36 hlm :bIlus ;c21 cm aJakarta :bGaneca Exact,c2007 a745.5 a745.5 S. b a978-979-571-452-1 4aKerajinan aSeri Kecakapan Hidup